| 000 | 00969cam a22003015a 4500 | ||
|---|---|---|---|
| 999 |
_c21868 _d21840 |
||
| 001 | 015964013 | ||
| 003 | EG-ScBUE | ||
| 005 | 20210103222132.0 | ||
| 008 | 110919s2012 enk f 000 1 eng d | ||
| 020 | _a9780141198958 (pbk.) | ||
| 020 | _a0141198958 (pbk.) | ||
| 040 |
_aStDuBDS _beng _erda _cStDuBDS _dUk _dEG-ScBUE |
||
| 082 | 0 | 4 |
_a813.3 _bMEL _222 |
| 100 | 1 |
_aMelville, Herman, _d1819-1891, _eauthor. _940150 |
|
| 245 | 1 | 0 |
_aMoby-Dick / _cHerman Melville. |
| 264 | 1 |
_aLondon, England : _bPenguin Books, _c2012. |
|
| 300 |
_axxx, 683 pages ; _c20 cm. |
||
| 336 |
_2rdacontent _atext _btxt |
||
| 337 |
_2rdamedia _aunmediated _bn |
||
| 338 |
_2rdacarrier _avolume _bnc |
||
| 490 | 0 | _aPenguin English library | |
| 650 | 7 |
_aAhab, Captain (Fictitious character) _vFiction. _2BUEsh _940152 |
|
| 650 | 7 |
_aWhales _vFiction. _2BUEsh _940153 |
|
| 650 | 7 |
_aWhaling _vFiction. _2BUEsh _940154 |
|
| 653 |
_cJune2016 _bHHUUEENN |
||
| 655 |
_vReading book _934232 |
||
| 942 |
_2ddc _cBB |
||